000 00495nam a22001812 4500
001 0000004446
005 20170406115831.0
008 140918s xx 000 0 eng d
020 _c$
040 _aYour Holding Symbol
_cYour Holding Symbol
100 1 _aBekessy,Emery.
245 1 0 _aBarabbas :
_ba novel of the time of jesus.
250 _a ed.
260 _aNew york :
_bPRENTICVE HALL,
_c1946.
300 _a324 p. ;
_c cm.
650 0 _aFICTION.
908 _a140918
999 _c4274
_d4274